000 00914nam a2200265Ia 4500
005 20240530110934.0
008 140319s2006 xx 000 0 ara d
020 _a9772158981
040 _aGCL /
_cGCL
082 0 4 _a355.0015 /
_bم ع
100 1 _aمحمد شحاتة ربيع
245 1 0 _aعلم النفس الحربى /
_cمحمد شحاتة ربيع
250 _aالاولى
260 _aالقاهرة :
_bدار غريب للطباعة والنشر والتوزيع،
_c2006
300 _a487 ص ؛
_c24 سم
650 0 4 _aعلم النفس الحربى
650 0 4 _aعلم النفس العسكرى
650 0 4 _aالمراقب الجوى
650 0 4 _aالقيادة العسكرية
650 0 4 _aالضغط النفسى
650 0 4 _aالصحة النفسية
650 0 4 _aالحرب النفسية
942 _2ddc
_cBK
999 _c66714
_d66714